000 00249nam a22000977a 4500
999 _c11747
_d11747
008 200113b ||||| |||| 00| 0 eng d
020 _a9781564587336
100 _aSnap Shot
_97434
245 _aIn the Sea
260 _aNew York
_bCovent Garden Books
_c1994